Länder, die Serbien am meisten besuchen - Statistiken

Allgemein
  • Dieses Quiz wurde 186 mal gespielt
  • Das Durchschnittsergebnis liegt bei 11 aus 15
Antwortstatistiken
Besucher Land % Korrekt
74,025 Kroatien
95%
80,130 Deutschland
91%
101,861 Bosnien und Herzegowina
87%
75,570 Bulgarien
84%
69,967 Montenegro
84%
66,923 Rumänien
82%
44,079 Russland
81%
55,499 Griechenland
80%
90,128 Türkei
79%
72,171 Slowenien
76%
39,302 Ungarn
74%
44,035 Italien
73%
53,197 Mazedonien
56%
54,408 Polen
52%
92,230 China
50%
Keine übereinstimmenden Quizze gefunden
Verteilung der Resultate
Anzahl Personen mit jedem Resultat
Perzentil nach korrekt beantworteten Fragen
Ihre Resultats-Entwicklung
Sie haben dieses Quiz noch nicht gespielt